[Event "XLIV Memoriał Szachowy Ludwika Zamenhofa 2025, Grupa B"]
[Site "Bialystok, Poland"]
[Date "2025.12.28"]
[Round "4.21"]
[White "Madejski, Milosz"]
[Black "Wons, Krystian"]
[Result "1-0"]
[TimeControl "90'+30\""]
[WhiteElo "1917"]
[BlackElo "1807"]

1. d4 {[%clk 01:30:45]} {[%emt 00:00:14]} Nf6 {[%clk 01:30:43]} {[%emt
00:00:17]} 2. c4 {[%clk 01:30:58]} {[%emt 00:00:18]} g6 {[%clk 01:30:48]}
{[%emt 00:00:24]} 3. Nf3 {[%clk 01:30:55]} {[%emt 00:00:33]} Bg7 {[%clk
01:31:07]} {[%emt 00:00:11]} 4. g3 {[%clk 01:31:04]} {[%emt 00:00:21]} O-O
{[%clk 01:31:27]} {[%emt 00:00:10]} 5. Bg2 {[%clk 01:31:28]} {[%emt 00:00:05]}
d5 {[%clk 01:30:56]} {[%emt 00:01:01]} 6. cxd5 {[%clk 01:30:35]} {[%emt
00:01:24]} Nxd5 {[%clk 01:28:17]} {[%emt 00:03:09]} 7. O-O {[%clk 01:31:01]}
{[%emt 00:00:04]} c5 {[%clk 01:27:05]} {[%emt 00:01:42]} 8. Nc3 {[%clk
01:28:00]} {[%emt 00:03:31]} Nxc3 {[%clk 01:26:35]} {[%emt 00:01:00]} 9. bxc3
{[%clk 01:28:27]} {[%emt 00:00:03]} Nc6 {[%clk 01:26:54]} {[%emt 00:00:11]} 10.
e3 {[%clk 01:25:58]} {[%emt 00:02:59]} e5 {[%clk 01:14:01]} {[%emt 00:13:23]}
11. Ba3 {[%clk 01:23:56]} {[%emt 00:02:32]} Qa5 {[%clk 01:02:56]} {[%emt
00:11:34]} 12. Bxc5 {[%clk 01:23:51]} {[%emt 00:00:36]} Rd8 {[%clk 01:03:08]}
{[%emt 00:00:17]} 13. Qb3 {[%clk 01:23:24]} {[%emt 00:00:57]} Qc7 {[%clk
00:54:56]} {[%emt 00:08:42]} 14. Rfd1 {[%clk 01:18:47]} {[%emt 00:05:07]} Be6
{[%clk 00:53:29]} {[%emt 00:01:56]} 15. Qa4 {[%clk 01:16:47]} {[%emt 00:02:31]}
b6 {[%clk 00:51:04]} {[%emt 00:02:55]} 16. Ba3 {[%clk 01:16:30]} {[%emt
00:00:47]} Rac8 {[%clk 00:49:35]} {[%emt 00:01:59]} 17. Ng5 {[%clk 01:14:22]}
{[%emt 00:02:38]} Na5 {[%clk 00:45:05]} {[%emt 00:04:59]} 18. Nxe6 {[%clk
01:14:21]} {[%emt 00:00:32]} fxe6 {[%clk 00:45:28]} {[%emt 00:00:06]} 19. Bb4
{[%clk 01:13:08]} {[%emt 00:01:44]} Nc4 {[%clk 00:41:26]} {[%emt 00:04:32]} 20.
Qa6 {[%clk 01:13:27]} {[%emt 00:00:11]} exd4 {[%clk 00:35:46]} {[%emt
00:06:11]} 21. cxd4 {[%clk 01:13:07]} {[%emt 00:00:50]} Nb2 {[%clk 00:31:22]}
{[%emt 00:04:54]} 22. Rd2 {[%clk 01:12:59]} {[%emt 00:00:39]} Qc4 {[%clk
00:28:36]} {[%emt 00:03:16]} 23. Qa3 {[%clk 01:12:54]} {[%emt 00:00:35]} Na4
{[%clk 00:23:10]} {[%emt 00:05:56]} 24. Bf1 {[%clk 01:10:06]} {[%emt 00:03:18]}
Qc6 {[%clk 00:23:13]} {[%emt 00:00:25]} 25. Qb3 {[%clk 01:08:52]} {[%emt
00:01:46]} Nc5 {[%clk 00:18:45]} {[%emt 00:04:59]} 26. Bxc5 {[%clk 01:06:47]}
{[%emt 00:02:35]} bxc5 {[%clk 00:18:56]} {[%emt 00:00:19]} 27. Rc1 {[%clk
01:06:54]} {[%emt 00:00:23]} Bf8 {[%clk 00:11:53]} {[%emt 00:07:33]} 28. Rdc2
{[%clk 01:06:36]} {[%emt 00:00:49]} Qb6 {[%clk 00:11:23]} {[%emt 00:00:59]} 29.
Bc4 {[%clk 01:05:30]} {[%emt 00:01:36]} Rd6 {[%clk 00:06:26]} {[%emt 00:05:27]}
30. dxc5 {[%clk 01:04:58]} {[%emt 00:01:03]} Qxb3 {[%clk 00:06:17]} {[%emt
00:00:39]} 31. axb3 {[%clk 01:05:12]} {[%emt 00:00:16]} Rxc5 {[%clk 00:05:48]}
{[%emt 00:00:59]} 32. Bxe6+ {[%clk 01:05:35]} {[%emt 00:00:07]} Rxe6 {[%clk
00:06:14]} {[%emt 00:00:04]} 33. Rxc5 {[%clk 01:06:01]} {[%emt 00:00:04]} Bxc5
{[%clk 00:06:39]} {[%emt 00:00:05]} 34. Rxc5 {[%clk 01:06:27]} {[%emt
00:00:04]} Rb6 {[%clk 00:06:38]} {[%emt 00:00:30]} 35. Rc8+ {[%clk 01:06:36]}
{[%emt 00:00:22]} Kg7 {[%clk 00:06:26]} {[%emt 00:00:42]} 36. Rc7+ {[%clk
01:07:04]} {[%emt 00:00:02]} Kh6 {[%clk 00:06:44]} {[%emt 00:00:12]} 37. Rxa7
{[%clk 01:07:28]} {[%emt 00:00:06]} Rxb3 {[%clk 00:07:10]} {[%emt 00:00:04]} 38.
Kg2 {[%clk 01:07:20]} {[%emt 00:00:37]} g5 {[%clk 00:05:56]} {[%emt 00:01:45]}
39. g4 {[%clk 01:07:04]} {[%emt 00:00:46]} Rb4 {[%clk 00:06:00]} {[%emt
00:00:26]} 40. Kg3 {[%clk 01:07:20]} {[%emt 00:00:15]} Rb3 {[%clk 00:05:54]}
{[%emt 00:00:35]} 41. Ra6+ {[%clk 01:07:31]} {[%emt 00:00:19]} Kg7 {[%emt
00:00:08]} 42. Ra5 {[%emt 00:00:02]} h6 {[%clk 00:05:55]} {[%emt 00:00:50]} 43.
h4 {[%clk 01:08:10]} {[%emt 00:00:20]} Kf6 {[%clk 00:05:36]} {[%emt 00:00:49]}
44. Ra7 {[%clk 01:08:14]} {[%emt 00:00:26]} Rb6 {[%clk 00:04:56]} {[%emt
00:01:10]} 45. h5 {[%clk 01:08:29]} {[%emt 00:00:16]} Re6 {[%clk 00:04:40]}
{[%emt 00:00:46]} 46. Kf3 {[%clk 01:08:24]} {[%emt 00:00:35]} Rb6 {[%clk
00:04:08]} {[%emt 00:01:01]} 47. Rh7 {[%clk 01:07:59]} {[%emt 00:00:55]} Ke5
{[%clk 00:04:20]} {[%emt 00:00:18]} 48. Kg3 {[%clk 01:07:30]} {[%emt 00:00:59]}
Rf6 {[%clk 00:03:53]} {[%emt 00:00:58]} 49. f4+ {[%clk 01:07:24]} {[%emt
00:00:36]} gxf4+ {[%clk 00:03:25]} {[%emt 00:00:57]} 50. exf4+ {[%clk
01:07:51]} {[%emt 00:00:03]} Ke4 {[%clk 00:02:22]} {[%emt 00:01:32]} 51. Re7+
{[%clk 01:08:16]} {[%emt 00:00:06]} Kd5 {[%clk 00:02:31]} {[%emt 00:00:19]} 52.
g5 {[%clk 01:08:44]} {[%emt 00:00:04]} hxg5 {[%clk 00:02:04]} {[%emt 00:00:56]}
53. fxg5 {[%clk 01:09:12]} {[%emt 00:00:02]} Rf1 {[%clk 00:02:22]} {[%emt
00:00:12]} 54. h6 {[%clk 01:09:20]} {[%emt 00:00:23]} Kd6 {[%clk 00:02:16]}
{[%emt 00:00:35]} 55. Re2 {[%clk 01:09:47]} {[%emt 00:00:03]} Rg1+ {[%clk
00:02:05]} {[%emt 00:00:40]} 56. Kh4 {[%clk 01:10:16]} {[%emt 00:00:03]} Rh1+
{[%clk 00:01:33]} {[%emt 00:01:02]} 57. Kg4 {[%clk 01:10:44]} Kd7 {[%clk
00:01:39]} {[%emt 00:00:23]} 58. Kf5 {[%clk 01:11:12]} {[%emt 00:00:03]} Kd6
{[%clk 00:01:52]} {[%emt 00:00:18]} 59. Kg6 {[%clk 01:11:40]} {[%emt 00:00:02]}
Kd7 {[%clk 00:02:16]} {[%emt 00:00:05]} 60. Kg7 {[%clk 01:12:02]} {[%emt
00:00:09]} Rh5 {[%clk 00:02:35]} {[%emt 00:00:11]} 61. g6 {[%clk 01:12:29]}
{[%emt 00:00:02]} 1-0

[Event "XLIV Memoriał Szachowy Ludwika Zamenhofa 2025, Grupa B"]
[Site "Bialystok, Poland"]
[Date "2025.12.28"]
[Round "4.22"]
[White "Czachurski, Ignacy"]
[Black "Krzyzosiak, Marta"]
[Result "1/2-1/2"]
[TimeControl "90'+30\""]
[WhiteElo "1890"]
[BlackElo "1793"]

1. e4 {[%clk 01:30:23]} {[%emt 00:00:36]} c5 {[%clk 01:30:53]} {[%emt
00:00:07]} 2. Nf3 {[%clk 01:30:16]} {[%emt 00:00:36]} d6 {[%clk 01:31:18]}
{[%emt 00:00:06]} 3. Bb5+ {[%clk 01:30:22]} {[%emt 00:00:23]} Nd7 {[%clk
01:31:42]} {[%emt 00:00:07]} 4. a4 {[%clk 01:30:35]} {[%emt 00:00:17]} a6
{[%clk 01:31:37]} {[%emt 00:00:35]} 5. Be2 {[%clk 01:29:52]} {[%emt 00:01:13]}
Ngf6 {[%clk 01:32:00]} {[%emt 00:00:07]} 6. Nc3 {[%clk 01:28:42]} {[%emt
00:01:39]} g6 {[%clk 01:32:04]} {[%emt 00:00:27]} 7. a5 {[%clk 01:28:01]}
{[%emt 00:01:11]} b5 {[%clk 01:32:03]} {[%emt 00:00:31]} 8. axb6 {[%clk
01:28:12]} {[%emt 00:00:19]} Bg7 {[%clk 01:30:27]} {[%emt 00:02:06]} 9. O-O
{[%clk 01:26:27]} {[%emt 00:02:14]} O-O {[%clk 01:30:29]} {[%emt 00:00:29]} 10.
d4 {[%clk 01:22:44]} {[%emt 00:04:13]} cxd4 {[%clk 01:27:51]} {[%emt 00:03:10]}
11. Nxd4 {[%clk 01:19:02]} {[%emt 00:04:11]} Bb7 {[%clk 01:26:01]} {[%emt
00:02:19]} 12. Bf3 {[%clk 01:09:58]} {[%emt 00:09:33]} Nxb6 {[%clk 01:16:54]}
{[%emt 00:09:39]} 13. Qd3 {[%clk 01:04:37]} {[%emt 00:05:50]} Qc7 {[%clk
01:15:16]} {[%emt 00:02:08]} 14. Be2 {[%clk 00:56:26]} {[%emt 00:08:41]} d5
{[%clk 01:10:06]} {[%emt 00:05:40]} 15. Nxd5 {[%clk 00:55:23]} {[%emt
00:01:33]} Nfxd5 {[%clk 01:09:09]} {[%emt 00:01:27]} 16. exd5 {[%clk 00:55:19]}
{[%emt 00:00:34]} Nxd5 {[%clk 01:09:00]} {[%emt 00:00:38]} 17. c3 {[%clk
00:52:12]} {[%emt 00:03:37]} Rfd8 {[%clk 01:06:59]} {[%emt 00:02:32]} 18. Qg3
{[%clk 00:47:55]} {[%emt 00:04:47]} e5 {[%clk 00:58:47]} {[%emt 00:08:44]} 19.
Nc2 {[%clk 00:44:15]} {[%emt 00:04:09]} Nf4 {[%clk 00:57:46]} {[%emt 00:01:31]}
20. Bf3 {[%clk 00:41:51]} {[%emt 00:02:54]} Rd3 {[%clk 00:53:56]} {[%emt
00:04:20]} 21. Be3 {[%clk 00:37:58]} {[%emt 00:04:23]} Nd5 {[%clk 00:47:14]}
{[%emt 00:07:13]} 22. Bxd5 {[%clk 00:35:25]} {[%emt 00:03:03]} Rxd5 {[%clk
00:47:16]} {[%emt 00:00:27]} 23. Nb4 {[%clk 00:34:43]} {[%emt 00:01:11]} Rd7
{[%clk 00:45:58]} {[%emt 00:01:50]} 24. f4 {[%clk 00:31:29]} {[%emt 00:03:43]}
exf4 {[%clk 00:45:05]} {[%emt 00:01:24]} 25. Bxf4 {[%clk 00:31:28]} {[%emt
00:00:31]} Qc5+ {[%clk 00:42:08]} {[%emt 00:03:24]} 26. Be3 {[%clk 00:30:41]}
{[%emt 00:01:19]} Qc4 {[%clk 00:41:18]} {[%emt 00:01:20]} 27. Rad1 {[%clk
00:23:21]} {[%emt 00:07:49]} Re7 {[%clk 00:37:24]} {[%emt 00:04:24]} 28. Nc2
{[%clk 00:20:25]} {[%emt 00:03:25]} Rae8 {[%clk 00:35:22]} {[%emt 00:02:32]} 29.
Rfe1 {[%clk 00:18:10]} {[%emt 00:02:45]} Re4 {[%clk 00:30:29]} {[%emt
00:05:23]} 30. Bd4 {[%clk 00:14:57]} {[%emt 00:03:43]} Bxd4+ {[%clk 00:25:41]}
{[%emt 00:05:19]} 31. Nxd4 {[%clk 00:14:46]} {[%emt 00:00:41]} Qd5 {[%clk
00:25:01]} {[%emt 00:01:10]} 32. Rxe4 {[%clk 00:13:38]} {[%emt 00:01:39]} Rxe4
{[%clk 00:23:26]} {[%emt 00:02:05]} 33. Rf1 {[%clk 00:10:25]} {[%emt 00:03:41]}
Re5 {[%clk 00:21:06]} {[%emt 00:02:51]} 1/2-1/2

[Event "XLIV Memoriał Szachowy Ludwika Zamenhofa 2025, Grupa B"]
[Site "Bialystok, Poland"]
[Date "2025.12.28"]
[Round "4.23"]
[White "Wasiluk, Mateusz"]
[Black "Skiba, Igor"]
[Result "1-0"]
[TimeControl "90'+30\""]
[WhiteElo "1890"]
[BlackElo "1762"]

1. e4 {[%clk 01:30:51]} {[%emt 00:00:08]} c5 {[%clk 01:30:40]} {[%emt
00:00:20]} 2. Nf3 {[%clk 01:31:04]} {[%emt 00:00:16]} d6 {[%clk 01:31:08]}
{[%emt 00:00:02]} 3. d4 {[%clk 01:31:25]} {[%emt 00:00:10]} cxd4 {[%clk
01:31:36]} {[%emt 00:00:02]} 4. Nxd4 {[%clk 01:31:44]} {[%emt 00:00:11]} Nf6
{[%clk 01:32:04]} {[%emt 00:00:02]} 5. Nc3 {[%clk 01:32:03]} {[%emt 00:00:11]}
a6 {[%clk 01:32:32]} {[%emt 00:00:03]} 6. Bg5 {[%clk 01:32:23]} {[%emt
00:00:09]} Nbd7 {[%clk 01:32:52]} {[%emt 00:00:10]} 7. Qe2 {[%clk 01:32:43]}
{[%emt 00:00:09]} Qa5 {[%clk 01:33:12]} {[%emt 00:00:11]} 8. Bd2 {[%clk
01:23:09]} {[%emt 00:10:04]} Qb6 {[%clk 01:30:30]} {[%emt 00:03:11]} 9. Nb3
{[%clk 01:23:22]} {[%emt 00:00:18]} e6 {[%clk 01:28:12]} {[%emt 00:02:48]} 10.
O-O-O {[%clk 01:20:43]} {[%emt 00:03:09]} Be7 {[%clk 01:26:42]} {[%emt
00:01:59]} 11. g4 {[%clk 01:11:27]} {[%emt 00:09:46]} Nc5 {[%clk 01:20:18]}
{[%emt 00:06:55]} 12. g5 {[%clk 01:00:13]} {[%emt 00:11:44]} Nxb3+ {[%clk
01:20:14]} {[%emt 00:00:33]} 13. axb3 {[%clk 01:00:35]} {[%emt 00:00:09]} Nd7
{[%clk 01:20:36]} {[%emt 00:00:08]} 14. f4 {[%clk 00:59:22]} {[%emt 00:01:43]}
Qc7 {[%clk 01:17:49]} {[%emt 00:03:16]} 15. h4 {[%clk 00:53:51]} {[%emt
00:06:01]} b5 {[%clk 01:15:32]} {[%emt 00:02:47]} 16. Bg2 {[%clk 00:46:38]}
{[%emt 00:07:44]} Bb7 {[%clk 01:14:25]} {[%emt 00:01:37]} 17. h5 {[%clk
00:45:13]} {[%emt 00:01:55]} Rc8 {[%clk 01:06:47]} {[%emt 00:08:08]} 18. Be3
{[%emt 00:01:36]} Nc5 {[%clk 01:05:50]} 19. Bxc5 {[%clk 00:39:02]} {[%emt
00:07:02]} dxc5 {[%clk 01:01:57]} {[%emt 00:04:23]} 20. e5 {[%clk 00:33:51]}
{[%emt 00:05:41]} c4 {[%clk 00:54:08]} {[%emt 00:08:19]} 21. Bxb7 {[%clk
00:32:34]} {[%emt 00:01:46]} Qxb7 {[%clk 00:54:36]} {[%emt 00:00:02]} 22. Kb1
{[%clk 00:32:51]} {[%emt 00:00:14]} b4 {[%clk 00:48:08]} {[%emt 00:06:58]} 23.
Ne4 {[%clk 00:33:01]} {[%emt 00:00:18]} c3 {[%clk 00:47:43]} {[%emt 00:00:57]}
24. bxc3 {[%clk 00:30:44]} {[%emt 00:02:47]} bxc3 {[%clk 00:47:57]} {[%emt
00:00:15]} 25. Nd6+ {[%clk 00:30:59]} {[%emt 00:00:15]} Bxd6 {[%clk 00:48:21]}
{[%emt 00:00:05]} 26. exd6 {[%clk 00:31:15]} {[%emt 00:00:14]} Kd7 {[%clk
00:42:05]} {[%emt 00:06:46]} 27. Qe5 {[%clk 00:24:03]} {[%emt 00:07:42]} Rhg8
{[%clk 00:38:43]} {[%emt 00:03:51]} 28. f5 {[%clk 00:20:46]} {[%emt 00:03:48]}
Qb5 {[%clk 00:36:39]} {[%emt 00:02:34]} 29. fxe6+ {[%clk 00:20:15]} {[%emt
00:01:01]} fxe6 {[%clk 00:35:57]} {[%emt 00:01:12]} 30. Qe4 {[%clk 00:19:03]}
{[%emt 00:01:42]} a5 {[%clk 00:26:00]} {[%emt 00:10:27]} 31. Rhe1 {[%clk
00:14:43]} {[%emt 00:04:50]} Rce8 {[%clk 00:20:20]} {[%emt 00:06:10]} 32. Rd4
{[%clk 00:13:31]} {[%emt 00:01:42]} Qc6 {[%clk 00:17:31]} {[%emt 00:03:19]} 33.
Qxh7 {[%clk 00:10:17]} {[%emt 00:03:44]} Qc5 {[%clk 00:15:55]} {[%emt
00:02:07]} 34. Qe4 {[%clk 00:09:11]} {[%emt 00:01:36]} e5 {[%clk 00:14:44]}
{[%emt 00:01:41]} 35. Rc4 {[%clk 00:09:21]} {[%emt 00:00:20]} Qxd6 {[%clk
00:14:10]} {[%emt 00:01:04]} 36. Rxc3 {[%clk 00:09:12]} {[%emt 00:00:38]} Ke7
{[%clk 00:13:25]} {[%emt 00:01:15]} 37. Qb7+ {[%clk 00:09:25]} {[%emt
00:00:16]} Kf8 {[%clk 00:13:43]} {[%emt 00:00:13]} 38. Rf3+ {[%clk 00:09:47]}
{[%emt 00:00:08]} Qf6 {[%clk 00:13:51]} {[%emt 00:00:21]} 39. gxf6 {[%clk
00:10:05]} {[%emt 00:00:13]} Rc8 {[%emt 00:00:21]} 40. fxg7+ {[%clk 00:10:12]}
{[%emt 00:00:09]} Ke8 {[%clk 00:14:40]} {[%emt 00:00:04]} 41. Qf7+ {[%clk
00:10:35]} {[%emt 00:00:07]} Kd8 {[%clk 00:15:07]} {[%emt 00:00:03]} 42. Rd1#
{[%clk 00:10:58]} {[%emt 00:00:06]} 1-0

[Event "XLIV Memoriał Szachowy Ludwika Zamenhofa 2025, Grupa B"]
[Site "Bialystok, Poland"]
[Date "2025.12.28"]
[Round "4.24"]
[White "Zalewski, Witold"]
[Black "Kaminski, Maciej"]
[Result "1-0"]
[TimeControl "90'+30\""]
[WhiteElo "1834"]
[BlackElo "1884"]

1. c4 {[%clk 01:30:57]} {[%emt 00:00:02]} Nf6 {[%clk 01:30:50]} {[%emt
00:00:10]} 2. Nc3 {[%clk 01:31:24]} {[%emt 00:00:04]} g6 {[%clk 01:31:15]}
{[%emt 00:00:05]} 3. e4 {[%clk 01:31:46]} {[%emt 00:00:08]} d6 {[%clk
01:31:33]} {[%emt 00:00:11]} 4. d4 {[%clk 01:32:13]} {[%emt 00:00:04]} Bg7
{[%clk 01:31:51]} {[%emt 00:00:12]} 5. h3 {[%clk 01:32:39]} {[%emt 00:00:04]}
O-O {[%clk 01:32:11]} {[%emt 00:00:09]} 6. Be3 {[%clk 01:33:07]} {[%emt
00:00:02]} c5 {[%clk 01:32:15]} {[%emt 00:00:26]} 7. d5 {[%clk 01:33:33]}
{[%emt 00:00:05]} e6 {[%clk 01:32:41]} {[%emt 00:00:04]} 8. Bd3 {[%clk
01:33:54]} {[%emt 00:00:09]} exd5 {[%clk 01:32:54]} {[%emt 00:00:17]} 9. exd5
{[%clk 01:34:22]} {[%emt 00:00:02]} Na6 {[%clk 01:31:47]} {[%emt 00:01:37]} 10.
Nf3 {[%clk 01:34:21]} {[%emt 00:00:31]} Nb4 {[%clk 01:32:10]} {[%emt 00:00:07]}
11. Bb1 {[%clk 01:34:10]} {[%emt 00:00:41]} Rb8 {[%clk 01:21:55]} {[%emt
00:10:44]} 12. O-O {[%clk 01:12:41]} {[%emt 00:21:59]} Re8 {[%clk 01:19:33]}
{[%emt 00:02:52]} 13. Qd2 {[%clk 01:07:26]} {[%emt 00:05:46]} Bd7 {[%clk
01:16:22]} {[%emt 00:03:41]} 14. a3 {[%clk 00:59:52]} {[%emt 00:08:04]} Na6
{[%clk 01:15:55]} {[%emt 00:00:57]} 15. Bf4 {[%clk 00:49:34]} {[%emt 00:10:47]}
Bf8 {[%clk 01:04:49]} {[%emt 00:11:36]} 16. Bc2 {[%clk 00:31:59]} {[%emt
00:18:07]} Nc7 {[%clk 01:02:50]} {[%emt 00:02:29]} 17. b4 {[%clk 00:31:07]}
{[%emt 00:01:22]} b6 {[%clk 01:00:22]} {[%emt 00:02:58]} 18. b5 {[%clk
00:31:04]} {[%emt 00:00:32]} Nh5 {[%clk 00:57:12]} {[%emt 00:03:39]} 19. Be3
{[%clk 00:24:06]} {[%emt 00:07:28]} Qc8 {[%clk 00:54:33]} {[%emt 00:03:09]} 20.
Kh2 {[%clk 00:23:00]} {[%emt 00:01:37]} Bg7 {[%clk 00:52:05]} {[%emt 00:02:58]}
21. Rae1 {[%clk 00:20:30]} {[%emt 00:03:00]} a6 {[%clk 00:49:40]} {[%emt
00:02:55]} 22. a4 {[%clk 00:20:11]} {[%emt 00:00:49]} axb5 {[%clk 00:50:00]}
{[%emt 00:00:10]} 23. axb5 {[%clk 00:20:37]} {[%emt 00:00:04]} Ra8 {[%clk
00:49:34]} {[%emt 00:00:57]} 24. Ne4 {[%clk 00:19:44]} {[%emt 00:01:23]} Qb8
{[%clk 00:46:27]} {[%emt 00:03:36]} 25. Bf4 {[%clk 00:18:43]} {[%emt 00:01:31]}
Nxf4 {[%clk 00:39:28]} {[%emt 00:07:30]} 26. Qxf4 {[%clk 00:19:09]} {[%emt
00:00:04]} Bf5 {[%clk 00:18:37]} {[%emt 00:21:21]} 27. Qxd6 {[%clk 00:17:54]}
{[%emt 00:01:44]} Ra2 {[%clk 00:16:44]} {[%emt 00:02:23]} 28. Nf6+ {[%clk
00:15:18]} {[%emt 00:03:06]} Bxf6 {[%clk 00:17:04]} {[%emt 00:00:10]} 29. Rxe8+
{[%clk 00:15:43]} {[%emt 00:00:06]} Qxe8 {[%clk 00:17:26]} {[%emt 00:00:07]} 30.
Bxf5 {[%clk 00:16:09]} {[%emt 00:00:05]} Qe2 {[%clk 00:16:04]} {[%emt
00:01:52]} 31. Qxf6 {[%clk 00:12:31]} {[%emt 00:04:08]} Ne8 {[%clk 00:13:42]}
{[%emt 00:02:51]} 32. Qc6 {[%clk 00:03:06]} {[%emt 00:09:54]} Qxf1 {[%clk
00:10:37]} {[%emt 00:03:34]} 33. Qxe8+ {[%clk 00:03:33]} {[%emt 00:00:05]} Kg7
{[%clk 00:11:02]} {[%emt 00:00:05]} 34. Qe5+ {[%clk 00:03:54]} {[%emt
00:00:09]} Kg8 {[%clk 00:10:57]} {[%emt 00:00:35]} 35. Be4 {[%clk 00:01:30]}
{[%emt 00:02:54]} Qxf2 {[%clk 00:09:41]} {[%emt 00:01:46]} 36. Qg5 {[%clk
00:01:36]} {[%emt 00:00:23]} h6 {[%clk 00:08:17]} {[%emt 00:01:54]} 37. Qg4
{[%clk 00:01:03]} {[%emt 00:01:03]} h5 {[%clk 00:07:11]} {[%emt 00:01:37]} 38.
Qg5 {[%clk 00:01:26]} {[%emt 00:00:07]} Qe2 {[%clk 00:02:42]} {[%emt 00:04:58]}
39. d6 {[%clk 00:01:02]} {[%emt 00:00:54]} Qxe4 {[%clk 00:01:16]} {[%emt
00:01:56]} 40. d7 {[%clk 00:01:24]} {[%emt 00:00:08]} Qxf3 {[%clk 00:00:39]}
{[%emt 00:01:07]} 41. d8=Q+ {[%clk 00:01:52]} {[%emt 00:00:02]} Kh7 {[%clk
00:01:00]} {[%emt 00:00:08]} 42. h4 {[%clk 00:01:15]} {[%emt 00:01:07]} Qf1
{[%clk 00:01:02]} {[%emt 00:00:28]} 43. Qh6+ {[%clk 00:01:17]} {[%emt
00:00:29]} Kxh6 {[%clk 00:00:59]} {[%emt 00:00:32]} 44. Qh8# {[%clk 00:01:39]}
{[%emt 00:00:08]} 1-0

[Event "XLIV Memoriał Szachowy Ludwika Zamenhofa 2025, Grupa B"]
[Site "Bialystok, Poland"]
[Date "2025.12.28"]
[Round "4.25"]
[White "Kicinski, Jacek"]
[Black "Lenkov, Stanislav"]
[Result "1-0"]
[TimeControl "90'+30\""]
[WhiteElo "1878"]
[BlackElo "1769"]

1. d4 {[%clk 01:30:54]} {[%emt 00:00:05]} d5 {[%clk 01:28:40]} {[%emt
00:02:20]} 2. Nf3 {[%clk 01:31:18]} {[%emt 00:00:06]} c5 {[%clk 01:29:06]}
{[%emt 00:00:05]} 3. c3 {[%clk 01:30:28]} {[%emt 00:01:19]} Nf6 {[%clk
01:29:29]} {[%emt 00:00:07]} 4. Bf4 {[%clk 01:28:33]} {[%emt 00:02:25]} Bf5
{[%clk 01:26:32]} {[%emt 00:03:28]} 5. e3 {[%clk 01:26:01]} {[%emt 00:03:01]}
e6 {[%clk 01:24:19]} {[%emt 00:02:43]} 6. Bxb8 {[%clk 01:25:32]} {[%emt
00:01:00]} Qxb8 {[%clk 01:22:45]} {[%emt 00:02:04]} 7. Bb5+ {[%clk 01:24:03]}
{[%emt 00:01:58]} Kd8 {[%clk 01:23:00]} {[%emt 00:00:13]} 8. Ne5 {[%clk
01:20:20]} {[%emt 00:04:15]} Qc7 {[%clk 01:23:12]} {[%emt 00:00:18]} 9. Nd2
{[%clk 01:18:16]} {[%emt 00:02:33]} Bd6 {[%clk 01:22:36]} {[%emt 00:01:07]} 10.
f4 {[%clk 01:15:26]} {[%emt 00:03:20]} Ke7 {[%clk 01:19:43]} {[%emt 00:03:24]}
11. O-O {[%emt 00:03:09]} h5 {[%clk 01:01:44]} {[%emt 00:18:27]} 12. c4 {[%clk
01:08:22]} {[%emt 00:04:56]} a6 {[%clk 01:00:25]} {[%emt 00:01:50]} 13. Ba4
{[%clk 01:08:43]} {[%emt 00:00:08]} dxc4 {[%clk 01:00:36]} {[%emt 00:00:19]} 14.
Ndxc4 {[%clk 01:06:19]} {[%emt 00:02:54]} b5 {[%clk 00:52:52]} {[%emt
00:08:15]} 15. Nxd6 {[%clk 01:06:30]} {[%emt 00:00:18]} Qxd6 {[%emt 00:00:04]}
16. Bb3 {[%clk 01:03:38]} {[%emt 00:03:20]} c4 {[%clk 00:48:49]} {[%emt
00:05:01]} 17. Bc2 {[%clk 01:03:50]} {[%emt 00:00:19]} g6 {[%clk 00:44:22]}
{[%emt 00:04:58]} 18. Rc1 {[%clk 00:59:34]} {[%emt 00:04:44]} Qd5 {[%clk
00:34:13]} {[%emt 00:10:41]} 19. b3 {[%clk 00:51:53]} {[%emt 00:08:11]} Rhc8
{[%clk 00:29:56]} {[%emt 00:04:47]} 20. Bxf5 {[%clk 00:49:31]} {[%emt
00:02:51]} gxf5 {[%clk 00:29:00]} {[%emt 00:01:27]} 21. bxc4 {[%clk 00:49:56]}
{[%emt 00:00:05]} bxc4 {[%clk 00:29:23]} {[%emt 00:00:06]} 22. Qa4 {[%clk
00:50:01]} {[%emt 00:00:26]} Ne4 {[%emt 00:03:02]} 23. Rxc4 {[%clk 00:34:20]}
{[%emt 00:16:10]} Rxc4 {[%clk 00:25:18]} {[%emt 00:02:04]} 24. Nxc4 {[%clk
00:33:53]} {[%emt 00:00:57]} Rg8 {[%clk 00:24:52]} {[%emt 00:00:56]} 25. Qb4+
{[%clk 00:27:00]} {[%emt 00:07:22]} Kf6 {[%clk 00:24:58]} {[%emt 00:00:24]} 26.
Ne5 {[%clk 00:26:19]} {[%emt 00:01:11]} h4 {[%clk 00:21:29]} {[%emt 00:03:59]}
27. Qe1 {[%clk 00:20:53]} {[%emt 00:05:55]} Rh8 {[%emt 00:06:16]} 28. h3 {[%clk
00:11:13]} {[%emt 00:09:45]} Qxa2 {[%clk 00:11:07]} {[%emt 00:05:32]} 29. Qa1
{[%clk 00:09:53]} {[%emt 00:01:50]} Qd5 {[%clk 00:09:51]} {[%emt 00:01:46]} 30.
Qxa6 {[%clk 00:08:29]} {[%emt 00:01:54]} Rg8 {[%clk 00:09:28]} {[%emt
00:00:52]} 31. Qa7 {[%clk 00:08:31]} {[%emt 00:00:29]} Rg7 {[%clk 00:06:52]}
{[%emt 00:03:06]} 32. Qb8 {[%clk 00:05:53]} {[%emt 00:03:08]} Nc3 {[%clk
00:02:37]} {[%emt 00:04:45]} 33. Rf2 {[%clk 00:06:00]} {[%emt 00:00:23]} Nd1
{[%emt 00:00:53]} 34. Qh8 {[%clk 00:05:17]} {[%emt 00:00:26]} Ke7 {[%clk
00:02:15]} {[%emt 00:01:15]} 35. Qxg7 {[%clk 00:05:40]} {[%emt 00:00:07]} Nxf2
{[%clk 00:02:29]} {[%emt 00:00:16]} 36. Qxf7+ {[%clk 00:06:05]} {[%emt
00:00:05]} Kd8 {[%clk 00:02:31]} {[%emt 00:00:29]} 37. Kxf2 {[%clk 00:05:59]}
{[%emt 00:00:35]} Qd6 {[%clk 00:02:45]} {[%emt 00:00:16]} 38. Qf6+ {[%clk
00:05:07]} {[%emt 00:01:22]} 1-0